| 000 | 00705nam a2200241 a 4500 | ||
|---|---|---|---|
| 999 |
_c7582 _d7582 |
||
| 001 | 7582 | ||
| 003 | BD-JhCC | ||
| 005 | 20180211194258.0 | ||
| 008 | 700820s1967 ru a 000 0 eng d | ||
| 035 | _a(BD-JhCC)7582 | ||
| 040 |
_aDLC _cDLC _dDLC _dBD-JhCC |
||
| 041 | _aeng | ||
| 050 | 0 | 0 |
_aTS340 _b.T7543 |
| 082 | 0 | 0 |
_a620.16 _bSIR 1967 |
| 100 | 1 | _aSirk, W. U. | |
| 245 | 1 | 0 |
_aStress and strain in metal rolling / _cTranslated from the Russian by W. U. Sirk. |
| 260 |
_aMoscow : _bMir Publishers, _c1967. |
||
| 300 |
_a475 p. _billus. _c22 cm. |
||
| 500 | _aTranslation of Teorii︠a︡ rascheta usiliĭ v prokatnykh stanakh. | ||
| 650 | 0 | _aRolling (Metal-work) | |
| 942 |
_2ddc _cBK |
||